<?xml version="1.0" encoding="UTF-8"?>
<collection xmlns="http://www.loc.gov/MARC21/slim">
  <record>
    <leader>00000nam  2200000   4500</leader>
    <controlfield tag="001">INLIS000000000013227</controlfield>
    <controlfield tag="005">20220907080350</controlfield>
    <datafield tag="035" ind1="#" ind2="#">
      <subfield code="a">0010-0822000028</subfield>
    </datafield>
    <datafield tag="245" ind1="1" ind2="#">
      <subfield code="a">Strategi Membangun Sistem Data Terintegrasi, Sinkron dan Valid (SATE KOVID) Sekretariat Daerah Pemerintah Kota Tarakan /</subfield>
      <subfield code="c">Hendra Arfandi, A.P., M.Si</subfield>
    </datafield>
    <datafield tag="100" ind1=" " ind2="#">
      <subfield code="a">ARFANDI,Hendra</subfield>
    </datafield>
    <datafield tag="250" ind1="#" ind2="#">
      <subfield code="a">1</subfield>
    </datafield>
    <datafield tag="300" ind1="#" ind2="#">
      <subfield code="a">ix,32 halaman.,lampiran :</subfield>
      <subfield code="b">ilustrasi ;</subfield>
      <subfield code="c">30 cm</subfield>
    </datafield>
    <datafield tag="260" ind1="#" ind2="#">
      <subfield code="a">Samarinda :</subfield>
      <subfield code="b">Puslatbang KDOD,</subfield>
      <subfield code="c">2020</subfield>
    </datafield>
    <datafield tag="084" ind1="#" ind2="#">
      <subfield code="a">PKN 313 2020</subfield>
    </datafield>
    <datafield tag="520" ind1="#" ind2="#">
      <subfield code="a">Laporan proyek perubahan ini menjelaskan banyaknya program bantuan social yang diberikan kepada masyarakat baik dari pemerintah pusat maupun daerah yang membuat tumpang tindih data pemberian. Inovasi Strategi Membangun Sistem Data Terintegrasi, Sinkron dan Valid (SATE KOVID) adalah aplikasi berbasis web yang dapat diakses oleh OPD terkait untuk mengecek data masyarakat yang layak mendapatkan bantuan pemerintah pusat dan daerah dengan menggunakan Nomor Induk Kependudukan (NIK) sehingga informasi tentang data kesejahteraan masyarakat selalu terverifikasi dan tervalidasi (Verifali) untuk menjamin pemberian bantuan tidak tepat sasaran.</subfield>
    </datafield>
    <datafield tag="500" ind1="#" ind2="#">
      <subfield code="a">Coach:Drs. H. Bere Ali, M.Si&#13;
Penguji:Dr. Andi Taufik, M.Si&#13;
Mentor:A. Hamid. SE</subfield>
    </datafield>
    <controlfield tag="008">220907################|##########|#|##</controlfield>
    <datafield tag="650" ind1="#" ind2="4">
      <subfield code="a">Proyek Perubahan</subfield>
    </datafield>
    <datafield tag="650" ind1="#" ind2="4">
      <subfield code="a">Kepemimpinan Nasional Tingkat II</subfield>
    </datafield>
    <datafield tag="650" ind1="#" ind2="4">
      <subfield code="a">teknologi informasi</subfield>
    </datafield>
    <datafield tag="650" ind1="#" ind2="4">
      <subfield code="a">sistem  infomasi</subfield>
    </datafield>
    <datafield tag="650" ind1="#" ind2="4">
      <subfield code="a">manajemen database</subfield>
    </datafield>
    <datafield tag="650" ind1="#" ind2="4">
      <subfield code="a">data bantuan</subfield>
    </datafield>
    <datafield tag="650" ind1="#" ind2="4">
      <subfield code="a">bantuan masyarakat</subfield>
    </datafield>
    <datafield tag="650" ind1="#" ind2="4">
      <subfield code="a">verifikasi data</subfield>
    </datafield>
    <datafield tag="990" ind1="#" ind2="#">
      <subfield code="a">PKN/313/2020</subfield>
    </datafield>
  </record>
</collection>
